| 000 | 00439cam a2200193ua 4500 | ||
|---|---|---|---|
| 001 | 8846 | ||
| 008 | 150216n ii |||gr||||Z||||||eng | ||
| 020 | _a812071816X | ||
| 040 | _cMAIN | ||
| 041 | _aeng | ||
| 082 | _a425 | ||
| 100 |
_aVas, G., _eAuthor. |
||
| 245 | 1 |
_aBrain teasers in english _cBy Gratian Vas |
|
| 250 | _a1st. | ||
| 260 |
_aNEw Delhi: _bSterling, _c2010. |
||
| 300 | _a158p. | ||
| 653 | _aEnglish grammar | ||
| 942 | _cBK | ||
| 999 |
_c7940 _d7940 |
||